DIGITAL AND ANALOG COMMUNICATION SYSTEMS (Record no. 23124)
[ view plain ]
| 000 -LEADER | |
|---|---|
| fixed length control field | 00296nam a22001337a 4500 |
| 003 - CONTROL NUMBER IDENTIFIER | |
| control field | Nust |
| 005 - DATE AND TIME OF LATEST TRANSACTION | |
| control field | 20170410152025.0 |
| 008 - FIXED-LENGTH DATA ELEMENTS--GENERAL INFORMATION | |
| fixed length control field | 170320b xxu||||| |||| 00| 0 eng d |
| 020 ## - INTERNATIONAL STANDARD BOOK NUMBER | |
| International Standard Book Number | 8178083280 |
| 040 ## - CATALOGING SOURCE | |
| Original cataloging agency | DLC |
| Language of cataloging | DLC |
| Transcribing agency | RCMS |
| 082 ## - DEWEY DECIMAL CLASSIFICATION NUMBER | |
| Classification number | 621.382 COU |
| Edition number | 6th,ed, |
| 100 ## - MAIN ENTRY--PERSONAL NAME | |
| Personal name | LEON W. COUCH, II |
| 245 ## - TITLE STATEMENT | |
| Title | DIGITAL AND ANALOG COMMUNICATION SYSTEMS |
| 250 ## - EDITION STATEMENT | |
| Edition statement | 6th, ed. |
| 260 ## - PUBLICATION, DISTRIBUTION, ETC. | |
| Place of publication, distribution, etc. | INDIA |
| Name of publisher, distributor, etc. | PEARSON |
| Date of publication, distribution, etc. | c2001 |
| 300 ## - PHYSICAL DESCRIPTION | |
| Extent | xxvii,774,p: |
| Other physical details | ill: |
| Dimensions | 26,cm. |
| 538 ## - SYSTEM DETAILS NOTE | |
| Display text | Shelf # 15, Row # 1, Communication. |
| 650 ## - SUBJECT ADDED ENTRY--TOPICAL TERM | |
| Topical term or geographic name entry element | 1. Telecommunication systems. 2. Digital communications |
| 856 ## - ELECTRONIC LOCATION AND ACCESS | |
| Materials specified | Table of Content Only |
| 942 ## - ADDED ENTRY ELEMENTS (KOHA) | |
| Koha item type | Book |
| Source of classification or shelving scheme | |
| Call number prefix | 621.382 COU |
| Withdrawn status | Lost status | Source of classification or shelving scheme | Damaged status | Not for loan | Permanent Location | Current Location | Shelving location | Date acquired | Full call number | Barcode | Date last seen | Price effective from | Koha item type | Public note |
|---|---|---|---|---|---|---|---|---|---|---|---|---|---|---|
| NUST Baluchistan Campus (NBC) | NUST Baluchistan Campus (NBC) | General Stacks | 03/01/2013 | 621.382 COU | RCMS000301 | 03/01/2013 | 01/05/2017 | Book | ||||||
| NUST Baluchistan Campus (NBC) | NUST Baluchistan Campus (NBC) | General Stacks | 03/05/2013 | 621.382 COU | RCMS000302 | 03/05/2013 | 01/05/2017 | Book | ||||||
| NUST Baluchistan Campus (NBC) | NUST Baluchistan Campus (NBC) | General Stacks | 03/05/2013 | 621.382 COU | RCMS000303 | 03/05/2013 | 01/05/2017 | Book | ||||||
| NUST Baluchistan Campus (NBC) | NUST Baluchistan Campus (NBC) | General Stacks | 06/20/2014 | 621.382 COU | RCMS000300 | 06/20/2014 | 06/20/2014 | Book | ||||||
| Write Off | School of Interdisciplinary Engineering and Sciences (SINES) | School of Interdisciplinary Engineering and Sciences (SINES) | General Stacks | 01/31/2014 | 621.382 COU | RCMS000299 | 01/31/2014 | 01/31/2014 | Book | write-off via office order 14/SINES/Survey/Books Dated March15, 2023 |
